Nhân chủng học Đông Nam Á /

Kaydedildi:
Detaylı Bibliyografya
Yazar: Nguyễn Đình Khoa.
Materyal Türü: Sách giấy
Dil:Vietnamese
Baskı/Yayın Bilgisi: Hà Nội : Đại học và Trung học Chuyên nghiệp, 1998.
Etiketler: Etiketle
Etiket eklenmemiş, İlk siz ekleyin!
Thư viện lưu trữ: Thư viện Trường Đại học Đà Lạt
LEADER 00618nam a2200253 4500
001 DLU020004352
005 ##19990604
040 # # |a DLU  |b vie 
041 # # |a vie 
044 # # |a vn 
082 # # |a 301  |b NG-K 
100 # # |a Nguyễn Đình Khoa. 
245 # # |a Nhân chủng học Đông Nam Á /  |c Nguyễn Đình Khoa. 
260 # # |a Hà Nội :  |b Đại học và Trung học Chuyên nghiệp,  |c 1998. 
300 # # |a 216 tr. ;  |c 21 cm. 
992 # # |a 875 
994 # # |a DLU 
900 # # |a False 
911 # # |a Administrator 
925 # # |a G 
926 # # |a A 
927 # # |a SH 
980 # # |a Thư viện Trường Đại học Đà Lạt